Introducción al pensar sociológico

Guardat en:
Dades bibliogràfiques
Autor principal: Hoefnagels, Harry (Autor)
Format: Llibre
Idioma:espanyol
Publicat: Buenos Aires Carlos Lohlé 1967
Matèries:
Etiquetes: Afegir etiqueta
Sense etiquetes, Sigues el primer a etiquetar aquest registre!

MARC

LEADER 00000nam a2200000 a 4500
001 UCY7708
003 CL-VaPUC
008 950616e19670000AG |||||||||||||||||spa|d
082 0 4 |a 301  |b HOE  |2 21 
100 0 |a Hoefnagels, Harry  |e author  |9 338416 
245 1 0 |a Introducción al pensar sociológico 
300 |a 238 p 
942 |c BK 
945 |d 19950616 00:00:00  |a cmena 
260 |a Buenos Aires  |b Carlos Lohlé  |c 1967 
650 0 |a Sociología   |9 255410 
650 7 |a MEDIO SOCIAL  |2 CL-VaPUC  |9 335849 
650 0 |a Vida social  |9 337244 
650 0 |a Problemas sociales  |9 258537 
650 0 |a Relaciones interpersonales  |9 307056 
650 0 |a Justicia social  |9 314874 
650 7 |a GRUPOS  |2 CL-VaPUC  |9 336429 
583 |a last modification  |c 19950616 00:00:00  |k Rodrigo Vera 
999 |c 235031  |d 235029 
952 |0 0  |1 0  |4 0  |6 301_000000000000000_HOE_1967  |7 0  |8 P  |9 242135  |a BIBEDU  |b BIBEDU  |c BIBEDU_PB  |d 2019-11-18  |i 1517627  |o 301 HOE 1967  |p 1517627  |r 2024-01-25  |w 2019-11-18  |y BK  |k EDU